000 00655nam a2200217 a 4500
999 _c3475
_d3475
001 3475
003 BD-JhCC
005 20171113211743.0
008 171113s1964 bg |||| ||a| 000 0 ben d
035 _a(BD-JhCC) 3475
040 _aBD-JhCC
_dBD-JhCC
041 _aben
082 _a297.18
_bALI 1964
100 _aআলী, সৈয়দ মোতাজা
245 _aহযরত শাহজালাল /
_cসৈয়দ মোতাজা আলী
260 _aঢাকা :
_bআহমদ পাবলিশিং হাউস ,
_c1964
300 _a60 p .:
_c17 cm .
650 _aIslamic legend
942 _2ddc
_cBK